Изоционаты. Методы синтеза и физико - химические свойства алкил-, арил-, и гетерилизоцианатов: методы синтеза и физико - химические свойства алкил-, арил-, и гетерилизоцианатов: справочник

Λεπτομέρειες βιβλιογραφικής εγγραφής
Κύριος συγγραφέας: Горбатенко В. И. Виктор Иванович
Συγγραφή απο Οργανισμό/Αρχή: Институт органической химии
Άλλοι συγγραφείς: Журавлев Е. З. Евгений Зосимович, Самарай Л. И. Лидия Явановна
Γλώσσα:Ρωσικά
Έκδοση: Киев, Наукова думка, 1987
Θέματα:
Μορφή: MixedMaterials Βιβλίο
KOHA link:https://koha.lib.tpu.ru/cgi-bin/koha/opac-detail.pl?biblionumber=91215

MARC

LEADER 00000nam0a2200000 4500
001 91215
005 20231101213747.0
035 |a (RuTPU)RU\TPU\book\97798 
090 |a 91215 
100 |a 20060221d1987 m y0rusy50 ca 
101 0 |a rus 
102 |a UA 
105 |a a z 001zy 
200 1 |a Изоционаты. Методы синтеза и физико - химические свойства алкил-, арил-, и гетерилизоцианатов  |e методы синтеза и физико - химические свойства алкил-, арил-, и гетерилизоцианатов: справочник  |f В. И. Горбатенко, Е. З. Журавлев, Л. И. Самарай  |g Институт органической химии  
210 |a Киев  |c Наукова думка  |d 1987 
215 |a 446 с. 
320 |a Библиогр.: с. 398-441 
606 1 |a Изоцианаты  |x Химия  |2 stltpush  |3 (RuTPU)RU\TPU\subj\12363  |9 39160 
610 1 |a справочники 
610 1 |a физико-химические свойства 
675 |a 547.49(035)  |v 3 
700 1 |a Горбатенко  |b В. И.  |g Виктор Иванович 
701 1 |a Журавлев  |b Е. З.  |g Евгений Зосимович 
701 1 |a Самарай  |b Л. И.  |g Лидия Явановна 
712 0 2 |a Институт органической химии  |2 stltpush  |3 (RuTPU)RU\TPU\col\335 
801 1 |a RU  |b 63413507  |c 20060221  |g PSBO 
801 2 |a RU  |b 63413507  |c 20170607  |g PSBO 
942 |c BK